000 00402 a2200157 4500
003 Nust
005 20170207165830.0
020 _a9780470407776 (inb.)
040 _cNust
082 _a658.15
100 1 _aJeffery, Craig A.
245 1 4 _aThe Strategic Treasurer: A Partnership for Corporate Growth (E-BOOK)
_cCraig A.Jeffery,
260 _bJohn Wiley & Sons,
_c2009
300 _a321 p
651 _aE-Book
942 _2ddc
_cBK
999 _c213240
_d213240